000 01204cam a22002054a 4500
005 20250605163928.0
008 250528s ||||||||||||||||||||||||d
035 _a14585
020 _a393962423
040 _aGR-AtMCL
_bgre
_dGR-AtMCL
_eAACR2
245 1 _aBasic Psychology / Third Edition
250 _a3rd
260 _bW.W. Norton & Company,
_c1992
300 _a660
520 _aGleitman puts psychology in perspective, linking classic studies to cutting-edge research, recognizing psychology today as an evolving science. Introduction, Action, Biological Bases of Behavior, Motivation, Learning, Cognition, Sensory Processes, Perception, Memory, Thinking, Language, Social Behavior, The Biological Basis of Social Behavior, The Individual and Society: The Contributors of Sigmund Freud, Social Cognition and Emotion, Social Interaction, Development, Physical and Cognitive Development, Social Development, Individual Differences, Intelligence: Its Nature and Measurement, Personality, Psychopathology, Treatment of Psychopathology, Statistics: The Collection and Organization and Interpretation of Data.
700 1 _aGleitman Henry
_9301
942 _cBK
999 _c209
_d209